Tales of a fourth grade nothing
Wedi'i Gadw mewn:
| Prif Awdur: | |
|---|---|
| Fformat: | Llyfr |
| Iaith: | Undetermined |
| Cyhoeddwyd: |
New York
Dutton
1972
|
| Pynciau: | |
| Tagiau: |
Ychwanegu Tag
Dim Tagiau, Byddwch y cyntaf i dagio'r cofnod hwn!
|
| Thư viện lưu trữ: | Trung tâm Học liệu Trường Đại học Cần Thơ |
|---|
| LEADER | 00481nam a2200181Ia 4500 | ||
|---|---|---|---|
| 001 | CTU_226467 | ||
| 008 | 210402s9999 xx 000 0 und d | ||
| 082 | |a 813.54 | ||
| 082 | |b B658 | ||
| 100 | |a Blume, Judy | ||
| 245 | 0 | |a Tales of a fourth grade nothing | |
| 245 | 0 | |c Judy Blume | |
| 260 | |a New York | ||
| 260 | |b Dutton | ||
| 260 | |c 1972 | ||
| 650 | |a Cuộc sống gia đình,Family life | ||
| 910 | |b nthai | ||
| 980 | |a Trung tâm Học liệu Trường Đại học Cần Thơ | ||